000 05129cam a22018494i 4500
001 u50592
003 PE-LiUPU
005 20250813165840.0
008 160203s2010 sp a r 000 0 spa d
020 _a8436823869
020 _a9788436823868
035 _a(Sirsi) i9788436823868
040 _aPE-LiUPU
_bspa
_cPE-LiUPU
_dPE-LiUPU
_erda
049 _aPRUA
082 0 4 _a658.8
_bM36
_221
100 1 _aMedina Agustín,
_eautor.
245 1 0 _aBye, bye, marketing :
_bel poder del mercado al poder del consumidor /
_cAgustín Medina.
264 1 _aMadrid :
_bEdiciones Piramide,
_c2010.
300 _a167 páginas :
_bilustraciones ;
_c23 centímetros.
336 _atext
_2rdacontent
337 _aunmediated
_2rdamedia
338 _avolume
_2rdacarrier
490 0 _aColección "Empresa y gestión"
505 0 _aNacimiento y evolución del marketing -- El día que murieron las marcas de los productos a las marcas -- La llegada de internet el gran cambio -- Algunas claves para entender las nuevas reglas de juego -- "Nadie se baña dos veces en el mismo río, porque todo cambia en el río y en el que se baña" -- "Todo hombre, por naturaleza, desea saber" -- "Lo importante es participar" -- "Nada se conoce bien si no es por medio de la experiencia" -- "El corazón tiene razones que la razón no entiende" -- "Dios los cría y ellos se juntan" Refranero español -- "Hombre rico, hombre pobre" ABC Network -- "Lo poco agrada y lo mucho enfada".- "La creatividad es una actitud" -- El Marketing Ya No Es Lo Que Era.
526 _aP203
526 _aP200
526 _aSEG65
526 _aSEG64
526 _aSEG63
526 _aSEG62
526 _aSEG61
526 _aSEG60
526 _aSEG59
526 _aSEG58
526 _aSEG57
526 _aSEG56
526 _aSEG55
526 _aSEG54
526 _aSEG53
526 _aSEG52
526 _aSEG51
526 _aSEG50
526 _aSEG49
526 _aSEG48
526 _aSEG47
526 _aSEG46
526 _aSEG24
526 _aSEG23
526 _aSEG22
526 _aSEG21
526 _aSEG20
526 _aSEG19
526 _aSEG18
526 _aSEG17
526 _aSEG16
526 _aSEG14
526 _aSEG13
526 _aSEG12
526 _aSEG11
526 _aSEG10
526 _aSEG09
526 _aSEG06
526 _aSEG05
526 _aSEG04
526 _aSEG03
526 _aSEG02
526 _aSEG68
526 _aSEG66
526 _aSEG45
526 _aSEG25
526 _aSEG01
526 _aP163
526 _aP162
526 _aP161
526 _aP160
526 _aP159
526 _aP158
526 _aP157
526 _aP156
526 _aP155
526 _aP154
526 _aP153
526 _aP152
526 _aP151
526 _aP150
526 _aP149
526 _aP142
526 _aP141
526 _aP140
526 _aP139
526 _aP138
526 _aP137
526 _aP132
526 _aP131
526 _aP130
526 _aP126
526 _aP125
526 _aP124
526 _aP123
526 _aP115
526 _aP122
526 _aP121
526 _aP116
526 _a P114
526 _aP112
526 _aP111
526 _aP104
526 _aP103
526 _aP102
526 _aP101
526 _aP100
526 _aP96
526 _aP95
526 _aP93
526 _aP92
526 _aP91
526 _aP88
526 _aP83
526 _aP82
526 _aP79
526 _aP78
526 _aP75
526 _aP74
526 _aP71
526 _aP69
526 _a P51
526 _aP49
526 _aP48
526 _aP47
526 _aP33
526 _aP31
526 _a P30
526 _aP29
526 _aP27
526 _aP26
526 _aP25
526 _aP24
526 _a P22
526 _aP10
526 _aP09
526 _a P08
526 _aP06
526 _aP05
526 _aP04
526 _aP01
541 _g030-0010717;
596 _a1 2
650 0 4 _aMarketing.
910 _agl
_bjv
_cng
_d20111212
942 _2ddc
_cBOOK
949 _a658.8 M36
_wDEWEY
_c1
_i64224
_f2018-2-12
_g3
_lCCODEBUL1
_mBUL
_p16.00
_r0
_sY
_tBOOK
_u2015-7-6
_xFCE
_PP04
_0COMPRA
_o.STAFF. Colección Ciencias Empresariales
949 _a658.83 M36 2010
_wDEWEY
_c1
_iFT02652
_lCCODEBUT1
_mBUT
_p22.00
_r0
_sY
_tBOOK
_u2016-2-3
_xFCE
_PP29
_0COMPRA
_o.STAFF. Colección General
994 _aC0
_bPEPRU
999 _a658.8 M36
_wDEWEY
_c53046
_i64224
_f2021-11-8
_g6
_lCCODEBUL1
_mBUL
_p16.00
_r0
_sY
_tBOOK
_u2015-7-6
_xFCE
_zP04
_0COMPRA
_o.STAFF. Colección Ciencias Empresariales
_d53046
999 _a658.83 M36 2010
_wDEWEY
_c1
_iFT02652
_d2022-6-20
_e2022-6-20
_f2019-2-20
_g1
_lCCODEBUT1
_mBUT
_n2
_p22.00
_r0
_sY
_tBOOK
_u2016-2-3
_xFCE
_PP29
_0COMPRA
_o.STAFF. Colección General
980 _81
_gALBERTO SANCHEZ Responsable de Automatización